000 00546nam a2200193Ia 4500
005 20250508151029.0
008 008 250505s9999 xx 000 0 eng d
037 _aTextual
040 _aFEDL
_beng
_cFEDL
041 _aeng
_2eng
084 _a370.1, MOR
_qFEDL
100 _aMorrison Henry C.
245 0 _aBasic principles in education
260 _aBoston, USA
_bHoughton Mifflin Company
_c1934
300 _aiv,452p.
650 _aEducation-Philosophy
_921056
942 _cTEXL
_h370.1, MOR
999 _c1327164
_d1327164